Historia Kaszubów / (Rekord nr 26867)
| 000 -Nagłówek | |
|---|---|
| fixed length control field | 01784cam a2200445 i 4500 |
| 001 - Nr kontrolny bibl., która utworzyła rek. | |
| control field | xx001469346 |
| 003 - Siglum bibl., której nr kontr. jest w 001 | |
| control field | NUKAT |
| 005 - Data i czas ostatniej operacji | |
| control field | 20260309124432.0 |
| 008 - Elementy pola stałej długości | |
| fixed length control field | 091120r19911938pl a g |000 0 pol c |
| 020 ## - ISBN | |
| ISBN | 8385011374 |
| dopowiedzenie | (oprawa twarda) |
| 035 ## - Systemowy numer kontrolny | |
| systemowy numer kontrolny | (OCoLC)751045769 |
| 035 ## - Systemowy numer kontrolny | |
| systemowy numer kontrolny | (NUKAT)xx001469346 |
| 040 ## - Instytucja sporządzająca opis | |
| Instytucja, która sporządziła opis | GD PAN/ET |
| język katalgowania-trzyzn. kod | pol |
| zasady opisu | rda |
| Instytucja, która sporządziła rekord | GD PAN/ET |
| Instytucja, która zmodyfikowała rekord | GD PAN/AP |
| -- | GD PAN/JSs |
| -- | OLSZT 008/bak |
| 046 ## - Kod rodz. daty, data1, data2 (daty pne) | |
| Begin/single date | 1938 |
| 100 1# - Hasło główne-nazwa osobowa | |
| Nazwa osobowa | Majkowski, Aleksander |
| Daty biograficzne | (1876-1938). |
| rodzaj współpracy | Autor |
| 9 (RLIN) | 6706 |
| 245 10 - Tytuł właściwy i oznaczenie odpow. | |
| tytuł | Historia Kaszubów / |
| dod. inf. ze s. tyt./ozn. odpow. | Aleksander Majkowski. |
| 250 ## - Oznaczenie wydania | |
| oznaczenie wydania | Wydanie II. |
| 260 ## - Adres wydawniczy | |
| miejsce wydania, dystrybucji itp. | Gdańsk : |
| nazwa wydawcy, dystrybutora itp. | Zrzeszenie Kaszubsko-Pomorskie, Zarząd Główny, |
| data wydania, dystrybucji itp. | 1991. |
| 300 ## - Opis fizyczny | |
| objętość i/lub forma materiału | IX, 237, XXVI, [2] strony : |
| inne szczegóły opisu fizycznego | ilustracje ; |
| format | 22 cm. |
| 336 ## - Content Type | |
| Term | Tekst |
| Code | txt |
| Source | rdacontent |
| 337 ## - Media Type | |
| Term | Bez urządzenia pośredniczącego |
| Code | n |
| Source | rdamedia |
| 338 ## - Carrier Type | |
| Term | Wolumin |
| Code | nc |
| Source | rdacarrier |
| 380 ## - Form of work | |
| Form of work | Książki |
| 388 1# - TIME PERIOD OF CREATION | |
| Time period of creation term | 1901-2000 |
| 388 1# - TIME PERIOD OF CREATION | |
| Time period of creation term | 1918-1939 |
| 388 1# - TIME PERIOD OF CREATION | |
| Time period of creation term | 1989-2000 |
| 501 ## - Uwaga dotycząca prac współwydanych | |
| powiązanie | Zawiera: O Aleksandra Majkowskiego "Historii Kaszubów" / Gerard Labuda. |
| 504 ## - Uwaga o bibliografii | |
| uwaga o bibliografii | Bibliografia na stronach 224-228. |
| 534 ## - Uwaga o podstawie reprodukcji | |
| określenie wprowadzające | Reprint, oryginał: |
| adres wydawniczy oryginału | Gdynia : nakładem Komitetu Wydawniczego : Skład Główny "Stanica" Zrzeszenie Regionalne Kaszubów, 1938. |
| 600 17 - Hasło przedmiotowe-nazwa osobowa | |
| nazwa osobowa | Majkowski, Aleksander |
| daty biograficzne | (1876-1938) |
| określnik rzeczowy | krytyka i interpretacja. |
| źródło hasła | kaba |
| 9 (RLIN) | 6706 |
| 650 #7 - Hasło przedmiotowe-nazwa pospolita | |
| nazwa pospolita lub geogr. | Kaszubi |
| źródło hasła | DBN |
| 9 (RLIN) | 36343 |
| 650 #7 - Hasło przedmiotowe-nazwa pospolita | |
| nazwa pospolita lub geogr. | Kaszubi |
| określnik rzeczowy | historia. |
| źródło hasła | kaba |
| 9 (RLIN) | 15393 |
| 651 #7 - Hasło przedmiotowe-nazwa geogr. | |
| nazwa geograficzna | Kaszuby |
| źródło hasła | DBN |
| 9 (RLIN) | 37663 |
| 658 ## - Nazwa określająca cel programu nauczania | |
| główny cel programu nauczania | Etnologia i antropologia kulturowa |
| 658 ## - Nazwa określająca cel programu nauczania | |
| główny cel programu nauczania | Historia |
| 700 12 - Hasło dodatkowe - nazwa osobowa | |
| nazwa osobowa | Labuda, Gerard |
| daty biograficzne | (1916-2010). |
| tytuł pracy | O Aleksandra Majkowskiego "Historii Kaszubów" |
| język pracy | (pol.) |
| 9 (RLIN) | 37661 |
| 710 2# - Hasło dodatkowe - nazwa ciała zbior. | |
| nazwa ciała zbior. lub nazwa geogr. | Zrzeszenie Kaszubsko-Pomorskie. |
| nazwa jednostki podrzędnej | Zarząd Główny. |
| rodzaj współpracy | Wydawca |
| kod rodzaju współpracy | pbl |
| 9 (RLIN) | 37662 |
| 920 ## - ISBN | |
| ISBN | 83-85011-37-4 (oprawa twarda) |
| 942 ## - ADDED ENTRY ELEMENTS (KOHA) | |
| Source of classification or shelving scheme | Dewey Decimal Classification |
| Koha item type | pozycje dostępne na miejscu |
| Status wycofania | Status zagubienia | Klasyfikacja | Status uszkodzenia | Blokada wypożyczeń | Kolekcja | Lokalizacja macierzysta | Lokalizacja bieżąca | Data nabycia | Numer akcesji | Źródło akcesji | Cena | Nr inwentarzowy | il. wypożyczeń | Sygnatura | Kod kreskowy | Date last seen | Price effective from | Typ egz. |
|---|---|---|---|---|---|---|---|---|---|---|---|---|---|---|---|---|---|---|
| Dewey Decimal Classification | nieuszkodzona | książka w magazynie | Biblioteka Instytutu Północnego w Olsztynie | Biblioteka Instytutu Północnego w Olsztynie | 03/03/2026 | D-18/2026 | dar | 70.00 | 73809 | 73803 | IPWK22015 | 09/03/2026 | 09/03/2026 | pozycje dostępne na miejscu |